[Event "April 9 Late 2024"]
[Site "Chess.com"]
[Date "2024.04.09"]
[Round "11"]
[White "Vlachos, Anatole"]
[Black "Olsen, Filip Boe"]
[Result "0-1"]
[Board "38"]
[WhiteFideId "26093189"]
[BlackFideId "1440640"]
[WhiteTitle "IM"]
[BlackTitle "IM"]
[WhiteElo "2552"]
[BlackElo "2686"]
[WhiteTeam "GRE"]
[BlackTeam "DEN"]
[WhiteClock "0:00:04"]
[BlackClock "0:00:45"]
[Variant "Standard"]

1. e4 {[%clk 0:03:00]}  c6 {[%clk 0:02:55]} 2. d4 {[%clk 0:02:56]}  d5 {[%clk 0:02:56]} 3. f3 {[%clk 0:02:50]}  e6 {[%clk 0:02:55]} 4. Nc3 {[%clk 0:02:47]}  b5 {[%clk 0:02:53]} 5. a3 {[%clk 0:02:38]}  a6 {[%clk 0:02:51]} 6. Be3 {[%clk 0:02:38]}  Nf6 {[%clk 0:02:45]} 7. e5 {[%clk 0:02:35]}  Nfd7 {[%clk 0:02:45]} 8. f4 {[%clk 0:02:35]}  c5 {[%clk 0:02:45]} 9. Nf3 {[%clk 0:02:33]}  Nc6 {[%clk 0:02:45]} 10. Qd2 {[%clk 0:02:32]}  Be7 {[%clk 0:02:27]} 11. Be2 {[%clk 0:02:28]}  Qc7 {[%clk 0:02:24]} 12. Nd1 {[%clk 0:02:26]}  O-O {[%clk 0:02:23]} 13. c3 {[%clk 0:02:25]}  Na5 {[%clk 0:02:20]} 14. Qc2 {[%clk 0:01:50]}  cxd4 {[%clk 0:02:19]} 15. Nxd4 {[%clk 0:01:49]}  Nc4 {[%clk 0:02:20]} 16. Bf2 {[%clk 0:01:44]}  Nc5 {[%clk 0:02:19]} 17. O-O {[%clk 0:01:40]}  f6 {[%clk 0:02:18]} 18. b3 {[%clk 0:01:13]}  fxe5 {[%clk 0:02:11]} 19. bxc4 {[%clk 0:01:13]}  exd4 {[%clk 0:02:10]} 20. cxd4 {[%clk 0:01:14]}  Ne4 {[%clk 0:02:08]} 21. c5 {[%clk 0:01:13]}  Qxf4 {[%clk 0:01:52]} 22. Be3 {[%clk 0:01:08]}  Qc7 {[%clk 0:01:42]} 23. Nc3 {[%clk 0:01:01]}  Nxc3 {[%clk 0:01:33]} 24. Qxc3 {[%clk 0:01:01]}  Bd7 {[%clk 0:01:28]} 25. Bg4 {[%clk 0:00:55]}  Rxf1+ {[%clk 0:01:23]} 26. Rxf1 {[%clk 0:00:56]}  Rf8 {[%clk 0:01:24]} 27. Rxf8+ {[%clk 0:00:46]}  Kxf8 {[%clk 0:01:23]} 28. Qc2 {[%clk 0:00:44]}  Kg8 {[%clk 0:01:22]} 29. Qf2 {[%clk 0:00:39]}  Bf6 {[%clk 0:01:19]} 30. Qf3 {[%clk 0:00:29]}  Qa5 {[%clk 0:01:13]} 31. h3 {[%clk 0:00:16]}  Qxa3 {[%clk 0:01:12]} 32. c6 {[%clk 0:00:15]}  Bxc6 {[%clk 0:01:06]} 33. Bxe6+ {[%clk 0:00:15]}  Kh8 {[%clk 0:01:00]} 34. Qf4 {[%clk 0:00:14]}  Qe7 {[%clk 0:00:50]} 35. Qb8+ {[%clk 0:00:13]}  Qd8 {[%clk 0:00:50]} 36. Qa7 {[%clk 0:00:11]}  Qe7 {[%clk 0:00:47]} 37. Qb8+ {[%clk 0:00:06]}  Qe8 {[%clk 0:00:47]} 38. Qa7 {[%clk 0:00:04]}  Qxe6 {[%clk 0:00:45]} 0-1

[Event "April 9 Late 2024"]
[Site "Chess.com"]
[Date "2024.04.09"]
[Round "11"]
[White "Ghimoyan, Narek"]
[Black "Gavrilin, Roman"]
[Result "0-1"]
[Board "40"]
[WhiteFideId "13315412"]
[BlackFideId "54104564"]
[WhiteTitle "CM"]
[WhiteElo "2537"]
[BlackElo "2686"]
[WhiteTeam "ARM"]
[BlackTeam "CAN"]
[WhiteClock "0:00:28"]
[BlackClock "0:00:46"]
[Variant "Standard"]

1. d4 {[%clk 0:03:00]}  Nf6 {[%clk 0:02:45]} 2. c4 {[%clk 0:02:59]}  e6 {[%clk 0:02:45]} 3. Nf3 {[%clk 0:02:58]}  b6 {[%clk 0:02:43]} 4. g3 {[%clk 0:02:58]}  Bb7 {[%clk 0:02:43]} 5. Bg2 {[%clk 0:02:58]}  Bb4+ {[%clk 0:02:44]} 6. Bd2 {[%clk 0:02:56]}  Be7 {[%clk 0:02:45]} 7. O-O {[%clk 0:02:50]}  O-O {[%clk 0:02:44]} 8. h4 {[%clk 0:02:43]}  c5 {[%clk 0:02:42]} 9. d5 {[%clk 0:02:43]}  exd5 {[%clk 0:02:42]} 10. Nh2 {[%clk 0:02:44]}  Ne4 {[%clk 0:02:42]} 11. cxd5 {[%clk 0:02:34]}  Bxd5 {[%clk 0:02:36]} 12. Bf4 {[%clk 0:02:33]}  Bc6 {[%clk 0:02:35]} 13. Nc3 {[%clk 0:02:23]}  Nxc3 {[%clk 0:02:35]} 14. bxc3 {[%clk 0:02:22]}  Bf6 {[%clk 0:02:03]} 15. Qd3 {[%clk 0:02:15]}  Bxg2 {[%clk 0:01:45]} 16. Kxg2 {[%clk 0:02:15]}  Nc6 {[%clk 0:01:46]} 17. Rad1 {[%clk 0:02:13]}  Re8 {[%clk 0:01:46]} 18. e3 {[%clk 0:02:09]}  Qe7 {[%clk 0:01:38]} 19. Qxd7 {[%clk 0:01:50]}  Qxd7 {[%clk 0:01:38]} 20. Rxd7 {[%clk 0:01:50]}  Bxc3 {[%clk 0:01:38]} 21. h5 {[%clk 0:01:50]}  h6 {[%clk 0:01:38]} 22. Ng4 {[%clk 0:01:48]}  Rad8 {[%clk 0:01:34]} 23. Rfd1 {[%clk 0:01:47]}  Rxd7 {[%clk 0:01:32]} 24. Rxd7 {[%clk 0:01:48]}  Rc8 {[%clk 0:01:31]} 25. Bxh6 {[%clk 0:01:40]}  f5 {[%clk 0:01:21]} 26. Bxg7 {[%clk 0:01:09]}  Bxg7 {[%clk 0:01:20]} 27. h6 {[%clk 0:01:08]}  fxg4 {[%clk 0:01:16]} 28. Rxg7+ {[%clk 0:01:07]}  Kh8 {[%clk 0:01:15]} 29. Rxg4 {[%clk 0:01:07]}  Ne5 {[%clk 0:01:08]} 30. Rg5 {[%clk 0:01:02]}  c4 {[%clk 0:01:08]} 31. Rxe5 {[%clk 0:00:53]}  c3 {[%clk 0:01:06]} 32. Rh5 {[%clk 0:00:54]}  c2 {[%clk 0:01:06]} 33. Rh1 {[%clk 0:00:55]}  c1=Q {[%clk 0:01:06]} 34. Rxc1 {[%clk 0:00:56]}  Rxc1 {[%clk 0:01:06]} 35. g4 {[%clk 0:00:56]}  Kh7 {[%clk 0:01:04]} 36. g5 {[%clk 0:00:55]}  Rc2 {[%clk 0:01:00]} 37. Kg3 {[%clk 0:00:50]}  Rxa2 {[%clk 0:01:00]} 38. f4 {[%clk 0:00:50]}  b5 {[%clk 0:00:54]} 39. f5 {[%clk 0:00:47]}  b4 {[%clk 0:00:54]} 40. f6 {[%clk 0:00:45]}  Kg6 {[%clk 0:00:48]} 41. Kg4 {[%clk 0:00:40]}  Ra5 {[%clk 0:00:47]} 42. f7 {[%clk 0:00:35]}  Rxg5+ {[%clk 0:00:47]} 43. Kh4 {[%clk 0:00:28]}  Rf5 {[%clk 0:00:46]} 0-1

[Event "April 9 Late 2024"]
[Site "Chess.com"]
[Date "2024.04.09"]
[Round "11"]
[White "Zhizmer, Yuri"]
[Black "Silva, Luca"]
[Result "1-0"]
[Board "45"]
[WhiteFideId "14108852"]
[BlackFideId "147370"]
[WhiteTitle "IM"]
[BlackTitle "FM"]
[WhiteElo "2639"]
[BlackElo "2518"]
[WhiteTeam "ISR"]
[BlackTeam "ARG"]
[WhiteClock "0:00:26"]
[BlackClock "0:00:02"]
[Variant "Standard"]

1. a3 {[%clk 0:03:00]}  d5 {[%clk 0:02:55]} 2. e3 {[%clk 0:03:00]}  Bf5 {[%clk 0:02:55]} 3. c4 {[%clk 0:03:00]}  c6 {[%clk 0:02:53]} 4. cxd5 {[%clk 0:02:58]}  cxd5 {[%clk 0:02:54]} 5. Qb3 {[%clk 0:02:57]}  Bc8 {[%clk 0:02:40]} 6. Nf3 {[%clk 0:02:56]}  Nf6 {[%clk 0:02:39]} 7. Bb5+ {[%clk 0:02:53]}  Nc6 {[%clk 0:02:39]} 8. Ne5 {[%clk 0:02:52]}  Bd7 {[%clk 0:02:39]} 9. Nxd7 {[%clk 0:02:50]}  Qxd7 {[%clk 0:02:40]} 10. O-O {[%clk 0:02:49]}  e6 {[%clk 0:02:40]} 11. d4 {[%clk 0:02:49]}  Bd6 {[%clk 0:02:39]} 12. Nd2 {[%clk 0:02:48]}  O-O {[%clk 0:02:37]} 13. Nf3 {[%clk 0:02:48]}  a6 {[%clk 0:02:35]} 14. Bd3 {[%clk 0:02:48]}  Ne4 {[%clk 0:02:33]} 15. Bxe4 {[%clk 0:02:42]}  dxe4 {[%clk 0:02:34]} 16. Ng5 {[%clk 0:02:42]}  Qe7 {[%clk 0:02:27]} 17. Nxe4 {[%clk 0:02:40]}  Bxh2+ {[%clk 0:02:26]} 18. Kxh2 {[%clk 0:02:41]}  Qh4+ {[%clk 0:02:26]} 19. Kg1 {[%clk 0:02:41]}  Qxe4 {[%clk 0:02:26]} 20. Qxb7 {[%clk 0:02:37]}  Rfb8 {[%clk 0:01:46]} 21. Qc7 {[%clk 0:02:36]}  Rc8 {[%clk 0:01:45]} 22. Qd6 {[%clk 0:02:32]}  Na5 {[%clk 0:01:40]} 23. f3 {[%clk 0:02:25]}  Qd3 {[%clk 0:01:34]} 24. a4 {[%clk 0:02:11]}  Nb3 {[%clk 0:01:15]} 25. Qa3 {[%clk 0:02:08]}  Rab8 {[%clk 0:00:48]} 26. e4 {[%clk 0:02:01]}  Qxd4+ {[%clk 0:00:43]} 27. Kh1 {[%clk 0:02:00]}  Nxa1 {[%clk 0:00:42]} 28. Qxa1 {[%clk 0:02:01]}  Qd3 {[%clk 0:00:38]} 29. Bf4 {[%clk 0:02:00]}  Rxb2 {[%clk 0:00:36]} 30. Qxb2 {[%clk 0:01:55]}  Qxf1+ {[%clk 0:00:35]} 31. Kh2 {[%clk 0:01:56]}  Qc4 {[%clk 0:00:30]} 32. Qb7 {[%clk 0:01:53]}  h6 {[%clk 0:00:29]} 33. a5 {[%clk 0:01:52]}  Qc6 {[%clk 0:00:29]} 34. Qa7 {[%clk 0:01:49]}  g5 {[%clk 0:00:28]} 35. Bg3 {[%clk 0:01:48]}  h5 {[%clk 0:00:27]} 36. Qe3 {[%clk 0:01:46]}  Qc5 {[%clk 0:00:25]} 37. Qe2 {[%clk 0:01:44]}  h4 {[%clk 0:00:25]} 38. Bf2 {[%clk 0:01:42]}  Qe5+ {[%clk 0:00:24]} 39. g3 {[%clk 0:01:36]}  Qxa5 {[%clk 0:00:20]} 40. gxh4 {[%clk 0:01:35]}  Qe5+ {[%clk 0:00:20]} 41. Bg3 {[%clk 0:01:33]}  Qf6 {[%clk 0:00:19]} 42. h5 {[%clk 0:01:12]}  Kh7 {[%clk 0:00:18]} 43. Kg2 {[%clk 0:01:08]}  Qc3 {[%clk 0:00:17]} 44. Qxa6 {[%clk 0:01:07]}  Qc2+ {[%clk 0:00:17]} 45. Bf2 {[%clk 0:01:02]}  Qc6 {[%clk 0:00:16]} 46. Qa7 {[%clk 0:01:01]}  Rc7 {[%clk 0:00:15]} 47. Qd4 {[%clk 0:00:58]}  Qc3 {[%clk 0:00:09]} 48. Qd8 {[%clk 0:00:56]}  Qc2 {[%clk 0:00:08]} 49. Qxg5 {[%clk 0:00:51]}  f5 {[%clk 0:00:08]} 50. Qg6+ {[%clk 0:00:51]}  Kh8 {[%clk 0:00:08]} 51. Qh6+ {[%clk 0:00:50]}  Kg8 {[%clk 0:00:07]} 52. Qxe6+ {[%clk 0:00:49]}  Kf8 {[%clk 0:00:06]} 53. Qxf5+ {[%clk 0:00:48]}  Rf7 {[%clk 0:00:06]} 54. Qc5+ {[%clk 0:00:47]}  Qxc5 {[%clk 0:00:06]} 55. Bxc5+ {[%clk 0:00:48]}  Kg8 {[%clk 0:00:07]} 56. Bd4 {[%clk 0:00:44]}  Rd7 {[%clk 0:00:06]} 57. Be3 {[%clk 0:00:43]}  Kg7 {[%clk 0:00:07]} 58. Kg3 {[%clk 0:00:42]}  Rd3 {[%clk 0:00:07]} 59. Bg5 {[%clk 0:00:42]}  Ra3 {[%clk 0:00:06]} 60. Kg4 {[%clk 0:00:41]}  Ra5 {[%clk 0:00:06]} 61. f4 {[%clk 0:00:40]}  Ra4 {[%clk 0:00:07]} 62. Kf5 {[%clk 0:00:39]}  Kf7 {[%clk 0:00:07]} 63. e5 {[%clk 0:00:39]}  Ra5 {[%clk 0:00:07]} 64. Bf6 {[%clk 0:00:36]}  Rb5 {[%clk 0:00:07]} 65. h6 {[%clk 0:00:36]}  Kg8 {[%clk 0:00:06]} 66. Kg6 {[%clk 0:00:36]}  Rb7 {[%clk 0:00:05]} 67. e6 {[%clk 0:00:32]}  Rh7 {[%clk 0:00:03]} 68. e7 {[%clk 0:00:27]}  Rxh6+ {[%clk 0:00:03]} 69. Kxh6 {[%clk 0:00:26]}  Kf7 {[%clk 0:00:02]} 70. Bg5 {[%clk 0:00:26]} 1-0

[Event "April 9 Late 2024"]
[Site "Chess.com"]
[Date "2024.04.09"]
[Round "11"]
[White "Shapiro, Viktor"]
[Black "Azali, Tannaz"]
[Result "1-0"]
[Board "47"]
[WhiteFideId "4175700"]
[BlackFideId "12537721"]
[WhiteTitle "FM"]
[BlackTitle "WFM"]
[WhiteElo "2627"]
[BlackElo "2512"]
[WhiteTeam "RUS"]
[BlackTeam "IRI"]
[WhiteClock "0:00:17"]
[BlackClock "0:00:00"]
[Variant "Standard"]

1. c4 {[%clk 0:03:00]}  Nf6 {[%clk 0:02:58]} 2. Nc3 {[%clk 0:03:00]}  e6 {[%clk 0:02:58]} 3. g3 {[%clk 0:02:57]}  d5 {[%clk 0:02:58]} 4. Bg2 {[%clk 0:02:54]}  d4 {[%clk 0:02:58]} 5. Na4 {[%clk 0:02:53]}  c5 {[%clk 0:02:57]} 6. Nf3 {[%clk 0:02:53]}  Nc6 {[%clk 0:02:57]} 7. d3 {[%clk 0:02:52]}  e5 {[%clk 0:02:56]} 8. O-O {[%clk 0:02:51]}  Bd6 {[%clk 0:02:57]} 9. e3 {[%clk 0:02:48]}  O-O {[%clk 0:02:57]} 10. exd4 {[%clk 0:02:48]}  exd4 {[%clk 0:02:55]} 11. Bg5 {[%clk 0:02:46]}  h6 {[%clk 0:02:53]} 12. Bxf6 {[%clk 0:02:46]}  Qxf6 {[%clk 0:02:54]} 13. Nd2 {[%clk 0:02:46]}  Bf5 {[%clk 0:02:46]} 14. Ne4 {[%clk 0:02:46]}  Bxe4 {[%clk 0:02:28]} 15. Bxe4 {[%clk 0:02:45]}  Rae8 {[%clk 0:02:12]} 16. f4 {[%clk 0:02:39]}  Re7 {[%clk 0:02:09]} 17. Qh5 {[%clk 0:02:36]}  Nb4 {[%clk 0:02:02]} 18. Rf2 {[%clk 0:02:19]}  b6 {[%clk 0:01:56]} 19. a3 {[%clk 0:02:18]}  Na6 {[%clk 0:01:53]} 20. Re1 {[%clk 0:02:12]}  Rfe8 {[%clk 0:01:51]} 21. Rfe2 {[%clk 0:02:12]}  Nc7 {[%clk 0:01:47]} 22. Bc6 {[%clk 0:02:05]}  Rxe2 {[%clk 0:01:45]} 23. Rxe2 {[%clk 0:02:04]}  Rxe2 {[%clk 0:01:45]} 24. Qxe2 {[%clk 0:02:04]}  Qe6 {[%clk 0:01:37]} 25. Qxe6 {[%clk 0:02:00]}  Nxe6 {[%clk 0:01:38]} 26. Kf2 {[%clk 0:01:57]}  f5 {[%clk 0:01:37]} 27. Bd5 {[%clk 0:01:56]}  Kf7 {[%clk 0:01:38]} 28. Ke2 {[%clk 0:01:50]}  Kf6 {[%clk 0:01:38]} 29. h4 {[%clk 0:01:47]}  Nc7 {[%clk 0:01:38]} 30. Bc6 {[%clk 0:01:46]}  g5 {[%clk 0:01:38]} 31. hxg5+ {[%clk 0:01:43]}  hxg5 {[%clk 0:01:38]} 32. fxg5+ {[%clk 0:01:41]}  Kxg5 {[%clk 0:01:38]} 33. Kf3 {[%clk 0:01:42]}  Ne6 {[%clk 0:01:36]} 34. Bd7 {[%clk 0:01:39]}  Ng7 {[%clk 0:01:36]} 35. b3 {[%clk 0:01:33]}  Nh5 {[%clk 0:01:30]} 36. g4 {[%clk 0:01:33]}  fxg4+ {[%clk 0:01:27]} 37. Bxg4 {[%clk 0:01:33]}  Nf4 {[%clk 0:01:19]} 38. Nb2 {[%clk 0:01:33]}  Ng6 {[%clk 0:00:54]} 39. Bc8 {[%clk 0:01:30]}  Bf4 {[%clk 0:00:52]} 40. b4 {[%clk 0:00:59]}  Bc1 {[%clk 0:00:48]} 41. Na4 {[%clk 0:00:58]}  Bxa3 {[%clk 0:00:44]} 42. bxc5 {[%clk 0:00:58]}  bxc5 {[%clk 0:00:45]} 43. Ke4 {[%clk 0:00:58]}  Nf4 {[%clk 0:00:38]} 44. Bd7 {[%clk 0:00:58]}  Bb4 {[%clk 0:00:35]} 45. Bc8 {[%clk 0:00:56]}  Ne2 {[%clk 0:00:31]} 46. Bd7 {[%clk 0:00:47]}  Nc3+ {[%clk 0:00:19]} 47. Ke5 {[%clk 0:00:46]}  Nd1 {[%clk 0:00:15]} 48. Bh3 {[%clk 0:00:40]}  Nf2 {[%clk 0:00:15]} 49. Bf1 {[%clk 0:00:40]}  Kg4 {[%clk 0:00:14]} 50. Kd5 {[%clk 0:00:39]}  Kf3 {[%clk 0:00:14]} 51. Nxc5 {[%clk 0:00:39]}  Nd1 {[%clk 0:00:15]} 52. Kxd4 {[%clk 0:00:34]}  a5 {[%clk 0:00:14]} 53. Na4 {[%clk 0:00:33]}  Ne3 {[%clk 0:00:14]} 54. Bh3 {[%clk 0:00:32]}  Nc2+ {[%clk 0:00:14]} 55. Ke5 {[%clk 0:00:30]}  Ke3 {[%clk 0:00:15]} 56. Bf5 {[%clk 0:00:28]}  Nd4 {[%clk 0:00:15]} 57. Be4 {[%clk 0:00:28]}  Bf8 {[%clk 0:00:12]} 58. Kd5 {[%clk 0:00:28]}  Bg7 {[%clk 0:00:11]} 59. c5 {[%clk 0:00:28]}  Nb5 {[%clk 0:00:07]} 60. c6 {[%clk 0:00:25]}  Bh6 {[%clk 0:00:04]} 61. Kc5 {[%clk 0:00:24]}  Nc7 {[%clk 0:00:05]} 62. Kb6 {[%clk 0:00:24]}  Bf4 {[%clk 0:00:05]} 63. Kxa5 {[%clk 0:00:24]}  Kd4 {[%clk 0:00:05]} 64. Kb6 {[%clk 0:00:24]}  Ne6 {[%clk 0:00:04]} 65. Kb5 {[%clk 0:00:20]}  Nc7+ {[%clk 0:00:03]} 66. Kb4 {[%clk 0:00:20]}  Bd6+ {[%clk 0:00:02]} 67. Ka5 {[%clk 0:00:20]}  Ne6 {[%clk 0:00:01]} 68. Kb6 {[%clk 0:00:20]}  Bc7+ {[%clk 0:00:01]} 69. Kb7 {[%clk 0:00:19]}  Bd6 {[%clk 0:00:01]} 70. Kc8 {[%clk 0:00:19]}  Bc7 {[%clk 0:00:01]} 71. Kd7 {[%clk 0:00:19]}  Ke5 {[%clk 0:00:02]} 72. Nc5 {[%clk 0:00:17]}  Nxc5+ {[%clk 0:00:00]} 73. Kxc7 {[%clk 0:00:17]} 1-0

[Event "April 9 Late 2024"]
[Site "Chess.com"]
[Date "2024.04.09"]
[Round "11"]
[White "Rangel, Daniel"]
[Black "Iskusnyh, Sergei"]
[Result "1-0"]
[Board "49"]
[WhiteFideId "2124475"]
[BlackFideId "4120027"]
[WhiteTitle "FM"]
[BlackTitle "GM"]
[WhiteElo "2487"]
[BlackElo "2621"]
[WhiteTeam "BRA"]
[BlackTeam "RUS"]
[WhiteClock "0:00:19"]
[BlackClock "0:00:00"]
[Variant "Standard"]

1. c4 {[%clk 0:02:57]}  c5 {[%clk 0:02:56]} 2. g3 {[%clk 0:02:57]}  g6 {[%clk 0:02:56]} 3. Bg2 {[%clk 0:02:58]}  Bg7 {[%clk 0:02:57]} 4. Nf3 {[%clk 0:02:58]}  Nc6 {[%clk 0:02:57]} 5. O-O {[%clk 0:02:59]}  d6 {[%clk 0:02:58]} 6. Nc3 {[%clk 0:02:59]}  e6 {[%clk 0:02:58]} 7. b3 {[%clk 0:02:58]}  Nge7 {[%clk 0:02:58]} 8. Bb2 {[%clk 0:02:58]}  b6 {[%clk 0:02:56]} 9. e3 {[%clk 0:02:53]}  Bb7 {[%clk 0:02:56]} 10. d4 {[%clk 0:02:54]}  O-O {[%clk 0:02:55]} 11. Qd2 {[%clk 0:02:51]}  cxd4 {[%clk 0:02:44]} 12. Nxd4 {[%clk 0:02:48]}  Nxd4 {[%clk 0:02:33]} 13. Bxb7 {[%clk 0:02:45]}  Rb8 {[%clk 0:02:32]} 14. Bg2 {[%clk 0:02:44]}  Ndf5 {[%clk 0:02:30]} 15. Rfd1 {[%clk 0:02:39]}  a6 {[%clk 0:02:29]} 16. Ne4 {[%clk 0:02:14]}  d5 {[%clk 0:02:10]} 17. Bxg7 {[%clk 0:01:56]}  Kxg7 {[%clk 0:02:09]} 18. Qb2+ {[%clk 0:01:55]}  f6 {[%clk 0:02:09]} 19. g4 {[%clk 0:01:43]}  Nh4 {[%clk 0:02:03]} 20. Nxf6 {[%clk 0:01:33]}  Rxf6 {[%clk 0:00:57]} 21. g5 {[%clk 0:01:31]}  Ng8 {[%clk 0:00:55]} 22. cxd5 {[%clk 0:01:28]}  Nxg2 {[%clk 0:00:39]} 23. Kxg2 {[%clk 0:01:29]}  exd5 {[%clk 0:00:30]} 24. gxf6+ {[%clk 0:01:20]}  Nxf6 {[%clk 0:00:30]} 25. Qe5 {[%clk 0:01:17]}  Rb7 {[%clk 0:00:27]} 26. Rac1 {[%clk 0:01:02]}  Re7 {[%clk 0:00:27]} 27. Rxd5 {[%clk 0:00:49]}  Qe8 {[%clk 0:00:18]} 28. Qd4 {[%clk 0:00:47]}  Re4 {[%clk 0:00:17]} 29. Rc7+ {[%clk 0:00:41]}  Kh6 {[%clk 0:00:17]} 30. Qxf6 {[%clk 0:00:38]}  Rg4+ {[%clk 0:00:16]} 31. Kh3 {[%clk 0:00:29]}  Qg8 {[%clk 0:00:12]} 32. Kxg4 {[%clk 0:00:22]}  Qc8+ {[%clk 0:00:00]} 33. Rxc8 {[%clk 0:00:19]} 1-0

[Event "April 9 Late 2024"]
[Site "Chess.com"]
[Date "2024.04.09"]
[Round "11"]
[White "Gubajdullin, Alexei"]
[Black "Andrews, Todd"]
[Result "1-0"]
[Board "52"]
[WhiteFideId "4141202"]
[BlackFideId "2012456"]
[WhiteTitle "FM"]
[BlackTitle "FM"]
[WhiteElo "2644"]
[BlackElo "2481"]
[WhiteTeam "RUS"]
[BlackTeam "USA"]
[WhiteClock "0:01:11"]
[BlackClock "0:00:04"]
[Variant "Standard"]

1. Nf3 {[%clk 0:03:00]}  Nf6 {[%clk 0:02:59]} 2. g3 {[%clk 0:03:00]}  g6 {[%clk 0:03:00]} 3. Bg2 {[%clk 0:03:00]}  Bg7 {[%clk 0:03:01]} 4. O-O {[%clk 0:03:01]}  O-O {[%clk 0:03:01]} 5. c4 {[%clk 0:03:01]}  d6 {[%clk 0:03:01]} 6. Nc3 {[%clk 0:03:02]}  e5 {[%clk 0:03:01]} 7. Rb1 {[%clk 0:03:01]}  Nc6 {[%clk 0:03:00]} 8. b4 {[%clk 0:03:01]}  Nh5 {[%clk 0:02:58]} 9. b5 {[%clk 0:03:01]}  Ne7 {[%clk 0:02:58]} 10. d3 {[%clk 0:03:00]}  h6 {[%clk 0:02:57]} 11. a4 {[%clk 0:03:00]}  f5 {[%clk 0:02:57]} 12. Nd2 {[%clk 0:03:00]}  f4 {[%clk 0:02:55]} 13. a5 {[%clk 0:03:00]}  Rb8 {[%clk 0:02:53]} 14. b6 {[%clk 0:02:55]}  axb6 {[%clk 0:02:52]} 15. axb6 {[%clk 0:02:55]}  c6 {[%clk 0:02:52]} 16. Nce4 {[%clk 0:02:55]}  Kh8 {[%clk 0:02:17]} 17. c5 {[%clk 0:02:54]}  d5 {[%clk 0:02:12]} 18. Nd6 {[%clk 0:02:53]}  Nf5 {[%clk 0:02:09]} 19. Ba3 {[%clk 0:02:46]}  Nxd6 {[%clk 0:01:39]} 20. cxd6 {[%clk 0:02:45]}  Rf6 {[%clk 0:01:40]} 21. e4 {[%clk 0:02:40]}  Bf8 {[%clk 0:01:36]} 22. exd5 {[%clk 0:02:37]}  cxd5 {[%clk 0:01:35]} 23. g4 {[%clk 0:02:19]}  f3 {[%clk 0:01:29]} 24. Nxf3 {[%clk 0:02:16]}  Nf4 {[%clk 0:01:29]} 25. Nxe5 {[%clk 0:02:15]}  Bxd6 {[%clk 0:01:23]} 26. Bb2 {[%clk 0:02:13]}  Kh7 {[%clk 0:01:15]} 27. Rc1 {[%clk 0:02:12]}  Nxg2 {[%clk 0:00:59]} 28. Kxg2 {[%clk 0:02:12]}  Rf4 {[%clk 0:01:00]} 29. Qd2 {[%clk 0:02:07]}  Qg5 {[%clk 0:00:50]} 30. Qe3 {[%clk 0:01:20]}  d4 {[%clk 0:00:33]} 31. Bxd4 {[%clk 0:01:19]}  Be6 {[%clk 0:00:31]} 32. Rc7+ {[%clk 0:01:18]}  Bxc7 {[%clk 0:00:30]} 33. bxc7 {[%clk 0:01:18]}  Bd5+ {[%clk 0:00:29]} 34. Kg3 {[%clk 0:01:16]}  Rbf8 {[%clk 0:00:25]} 35. c8=Q {[%clk 0:01:14]}  Rxg4+ {[%clk 0:00:04]} 36. Qxg4 {[%clk 0:01:11]} 1-0

[Event "April 9 Late 2024"]
[Site "Chess.com"]
[Date "2024.04.09"]
[Round "11"]
[White "Pourkashiyan, Atousa"]
[Black "Wu, Derek"]
[Result "1-0"]
[Board "54"]
[WhiteFideId "12502014"]
[BlackFideId "30914558"]
[WhiteTitle "WGM"]
[BlackTitle "FM"]
[WhiteElo "2469"]
[BlackElo "2627"]
[WhiteTeam "USA"]
[BlackTeam "USA"]
[WhiteClock "0:00:14"]
[BlackClock "0:00:00"]
[Variant "Standard"]

1. d4 {[%clk 0:03:00]}  d5 {[%clk 0:02:57]} 2. Nf3 {[%clk 0:03:00]}  Nf6 {[%clk 0:02:57]} 3. g3 {[%clk 0:03:01]}  e6 {[%clk 0:02:57]} 4. Bg2 {[%clk 0:03:02]}  Be7 {[%clk 0:02:57]} 5. O-O {[%clk 0:03:02]}  O-O {[%clk 0:02:58]} 6. b3 {[%clk 0:03:03]}  c5 {[%clk 0:02:55]} 7. Bb2 {[%clk 0:03:04]}  Nc6 {[%clk 0:02:55]} 8. e3 {[%clk 0:03:03]}  b6 {[%clk 0:02:53]} 9. Nbd2 {[%clk 0:03:03]}  Bb7 {[%clk 0:02:53]} 10. c4 {[%clk 0:03:04]}  Rc8 {[%clk 0:02:52]} 11. cxd5 {[%clk 0:03:04]}  Nxd5 {[%clk 0:02:50]} 12. e4 {[%clk 0:03:03]}  Nf6 {[%clk 0:02:50]} 13. e5 {[%clk 0:02:49]}  Nd5 {[%clk 0:02:50]} 14. Nc4 {[%clk 0:02:41]}  b5 {[%clk 0:02:44]} 15. Ne3 {[%clk 0:02:12]}  cxd4 {[%clk 0:02:19]} 16. Nxd5 {[%clk 0:01:50]}  Qxd5 {[%clk 0:02:20]} 17. Nxd4 {[%clk 0:01:43]}  Qxg2+ {[%clk 0:02:20]} 18. Kxg2 {[%clk 0:01:41]}  Nxd4+ {[%clk 0:02:21]} 19. Kh3 {[%clk 0:01:38]}  Nf3 {[%clk 0:02:16]} 20. Qd7 {[%clk 0:01:10]}  Ng5+ {[%clk 0:02:11]} 21. Kh4 {[%clk 0:01:10]}  Nf3+ {[%clk 0:01:45]} 22. Kh3 {[%clk 0:01:10]}  Ng5+ {[%clk 0:01:06]} 23. Kg4 {[%clk 0:01:08]}  Bf3+ {[%clk 0:01:04]} 24. Kf4 {[%clk 0:01:09]}  Rfe8 {[%clk 0:00:39]} 25. h4 {[%clk 0:01:09]}  Bc6 {[%clk 0:00:40]} 26. Qxe8+ {[%clk 0:00:59]}  Bxe8 {[%clk 0:00:33]} 27. hxg5 {[%clk 0:01:00]}  Rc2 {[%clk 0:00:31]} 28. Bd4 {[%clk 0:01:00]}  h6 {[%clk 0:00:26]} 29. gxh6 {[%clk 0:00:58]}  gxh6 {[%clk 0:00:27]} 30. Ke3 {[%clk 0:00:54]}  b4 {[%clk 0:00:14]} 31. Rfc1 {[%clk 0:00:52]}  Rxc1 {[%clk 0:00:10]} 32. Rxc1 {[%clk 0:00:52]}  Bb5 {[%clk 0:00:09]} 33. Bxa7 {[%clk 0:00:50]}  h5 {[%clk 0:00:08]} 34. f4 {[%clk 0:00:49]}  Kg7 {[%clk 0:00:09]} 35. Bc5 {[%clk 0:00:48]}  Bd8 {[%clk 0:00:08]} 36. Bxb4 {[%clk 0:00:48]}  h4 {[%clk 0:00:08]} 37. gxh4 {[%clk 0:00:48]}  Bxh4 {[%clk 0:00:09]} 38. Rg1+ {[%clk 0:00:47]}  Kh6 {[%clk 0:00:09]} 39. Be1 {[%clk 0:00:46]}  Be7 {[%clk 0:00:09]} 40. Rh1+ {[%clk 0:00:45]}  Kg7 {[%clk 0:00:09]} 41. b4 {[%clk 0:00:44]}  Bc6 {[%clk 0:00:08]} 42. Rg1+ {[%clk 0:00:43]}  Kf8 {[%clk 0:00:08]} 43. Kd4 {[%clk 0:00:43]}  Bd8 {[%clk 0:00:08]} 44. Kc3 {[%clk 0:00:40]}  Bb6 {[%clk 0:00:08]} 45. Rg3 {[%clk 0:00:39]}  Ke7 {[%clk 0:00:08]} 46. Rd3 {[%clk 0:00:36]}  Bb5 {[%clk 0:00:08]} 47. Rd6 {[%clk 0:00:35]}  Bc7 {[%clk 0:00:08]} 48. Rd2 {[%clk 0:00:34]}  Bc6 {[%clk 0:00:08]} 49. Bf2 {[%clk 0:00:34]}  f6 {[%clk 0:00:08]} 50. Bc5+ {[%clk 0:00:34]}  Kf7 {[%clk 0:00:08]} 51. Bd6 {[%clk 0:00:33]}  Bb6 {[%clk 0:00:08]} 52. Rh2 {[%clk 0:00:33]}  fxe5 {[%clk 0:00:08]} 53. fxe5 {[%clk 0:00:33]}  Bd5 {[%clk 0:00:08]} 54. Rh7+ {[%clk 0:00:32]}  Kg6 {[%clk 0:00:08]} 55. Re7 {[%clk 0:00:27]}  Bxa2 {[%clk 0:00:08]} 56. Bc5 {[%clk 0:00:23]}  Bd8 {[%clk 0:00:08]} 57. Rd7 {[%clk 0:00:20]}  Bh4 {[%clk 0:00:07]} 58. b5 {[%clk 0:00:20]}  Bd5 {[%clk 0:00:07]} 59. Rxd5 {[%clk 0:00:15]}  exd5 {[%clk 0:00:07]} 60. b6 {[%clk 0:00:16]}  Bd8 {[%clk 0:00:05]} 61. b7 {[%clk 0:00:16]}  Bc7 {[%clk 0:00:05]} 62. Bd6 {[%clk 0:00:16]}  Ba5+ {[%clk 0:00:00]} 63. Kd3 {[%clk 0:00:14]} 1-0